| 000 | 00321nam a2200133 i 4500 | ||
|---|---|---|---|
| 001 | bg | ||
| 100 | 1 | _aALPERIN, V. | |
| 245 | 0 |
_aSvetoprozračnyje stekłoplastiki v stroitelstve / _cV. Alperin. |
|
| 260 |
_aMoskva, _c1968. |
||
| 040 | _cBPK | ||
| 041 | _apol | ||
| 942 | _cKS | ||
| 008 | s pl f |000 0 pol | ||
| 999 |
_c12445 _d12445 |
||
| 856 |
_uhttp://koha.tu.koszalin.pl/cgi-bin/koha/opac-detail.pl?biblionumber=12445 _yKatalog online BPK |
||